000 00402nam a2200157Ia 4500
008 230524s9999 xx 000 0 und d
082 _a621.38
_bJAI
100 _aN.K.Jain
245 2 _aA Text Book on Automatic Control Systems Engineering
250 _a1ST
260 _aNEW DELHI
_bDhanpat Rai
_c2004
300 _aXII;1167
500 _aQuantity Number: 3
650 _aElectrical
942 _cBK
999 _c37043
_d37043